000 00276nam a2200109Ia 4500
008 190216s9999||||xx |||||||||||||| ||und||
100 _aPaul Hersey & Ken Blanchard
245 0 _aManagement Of Organisational Behaviour
260 _bNull
_c1986
300 _a335p
942 _cBK
999 _c5373
_d5373